000 00491nam a2200145 4500
001 143908
003 ES-MaACL
007 t|
008 070214s1916 xxk r ||||1| eng d
100 1 _aSherard, Robert Harborough.
_9106094
245 1 4 _aThe Real Oscar Wilde
_b: with numerous unpublished letters, facsimiles, portraits and illustrations /
_cRobert Harborough Sherard.
260 _aLondon :
_bThe Riverside Press,
_c1916.
300 _aXVI, 432 p. ;
_c23 cm.
852 _aES-MaACL
_jC-821
999 _c143908
_d143908